| 000 | 01171nam a22002417a 4500 | ||
|---|---|---|---|
| 005 | 20130507155202.0 | ||
| 010 | _aENG-107053 | ||
| 020 |
_a9788132110972 _c395.00 |
||
| 035 | _aEN-90586 | ||
| 037 | _bDBAD/PUB | ||
| 082 | 0 | 0 |
_a791.43652 _223 |
| 100 | 1 | _aGhosh, Tapan Kumar | |
| 245 | 1 | 0 |
_aBollywood baddies : _bvillains, vamps, and henchmen in Hindi cinema / _cby Tapan K. Ghosh |
| 260 |
_aNew Delhi _bSAGE Publications _c2013 |
||
| 270 |
_aB1/I-1 Mohan Cooperative Industrial Area, Mathura Road _bNew Delhi _e110044 |
||
| 300 |
_axviii,213p. : _bcol. photos _c22cm(pbk) |
||
| 500 | _aIncludes bibliographical references. | ||
| 505 | 0 | _aKnowing the baddies. Who are these villains? -- The baddies in action. The Fifties and Sixties -- Sholay and the Seventies -- The Eighties and after -- Empire of evil and the emperors -- That other self: the vamps -- The empire of evil: villains' henchmen -- Those dreadful men -- The unforgettable baddies -- The end! | |
| 650 | 0 | _aVillains in motion pictures. | |
| 650 | 0 | _aFemmes fatales in motion pictures. | |
| 650 | 0 |
_aMotion pictures _zIndia _xHistory _y20th century. |
|
| 942 |
_2ddc _cEN _h791.43652 _mGHO |
||
| 999 |
_c75200 _d75200 |
||